Catálogo

PSIQUIATRIA CLINICA (Registro nro. 38082)

Detalles MARC
000 -LEADER
fixed length control field 00667nam a2200205 a 4500
001 - CONTROL NUMBER
control field 38082
005 - DATE AND TIME OF LATEST TRANSACTION
control field 20230414123611.0
008 - FIXED-LENGTH DATA ELEMENTS--GENERAL INFORMATION
fixed length control field 140415s2000 mx 000 0 spa d
020 ## - INTERNATIONAL STANDARD BOOK NUMBER
International Standard Book Number 9701028937
041 ## - LANGUAGE CODE
Language code of text/sound track or separate title spa
082 ## - DEWEY DECIMAL CLASSIFICATION NUMBER
Classification number 616.89
Item number PSI
245 00 - TITLE STATEMENT
Title PSIQUIATRIA CLINICA
250 ## - EDITION STATEMENT
Edition statement 1a ed.
260 ## - PUBLICATION, DISTRIBUTION, ETC.
Place of publication, distribution, etc. MEXICO :
Name of publisher, distributor, etc. MCGRAW-HILL INTERAMERICANA EDITORES,
Date of publication, distribution, etc. 2000
300 ## - PHYSICAL DESCRIPTION
Extent 356
Dimensions x 18 x 26
520 ## - SUMMARY, ETC.
Summary, etc. ESTE LIBRO DESCRIBE LAS CAUSAS , MANIFESTACIONES CLÍNICAS,LEL DIAGNÓSTICO Y TRATAMIENTO DE LAS PRINCIPALES ENFERMEDADES PSIQUIATRICAS
650 14 - SUBJECT ADDED ENTRY--TOPICAL TERM
Topical term or geographic name entry element PSIQUIATRIA
700 1# - ADDED ENTRY--PERSONAL NAME
Personal name AGUILAR O., MARIA TERESA
Relator term tr.
740 ## - ADDED ENTRY--UNCONTROLLED RELATED/ANALYTICAL TITLE
Uncontrolled related/analytical title INTRODUCTION TO CLINICAL PSYCHIATRY
Existencias
Withdrawn status Lost status Source of classification or shelving scheme Damaged status Not for loan Collection code Home library Current library Shelving location Date acquired Source of acquisition Inventory number Total Checkouts Full call number Barcode Date last seen Date last checked out Price effective from Koha item type Total Renewals
    Dewey Decimal Classification     General Biblioteca Karol Wojtyla Biblioteca Karol Wojtyla Sala general 03/12/2013 Compra 151000000000000000008238   616.89 PSI 57365 05/01/2026 07/07/2018 03/12/2013 Libro  
    Dewey Decimal Classification     General Biblioteca Karol Wojtyla Biblioteca Karol Wojtyla Sala general 03/12/2013 Compra 151000000000000000008239 2 616.89 PSI 57368 05/01/2026 02/10/2018 03/12/2013 Libro  
    Dewey Decimal Classification     General Biblioteca Karol Wojtyla Biblioteca Karol Wojtyla Sala general 03/12/2013 Compra 151000000000000000008245 1 616.89 PSI 58770 05/01/2026 22/03/2019 03/12/2013 Libro  
    Dewey Decimal Classification     General Biblioteca Karol Wojtyla Biblioteca Karol Wojtyla Sala general 03/12/2013 Compra 151000000000000000008244   616.89 PSI 58766 05/01/2026 09/10/2017 03/12/2013 Libro  
    Dewey Decimal Classification     General Biblioteca Karol Wojtyla Biblioteca Karol Wojtyla Sala general 03/12/2013 Compra 151000000000000000008243 1 616.89 PSI 58632 05/01/2026 20/02/2020 03/12/2013 Libro 1
    Dewey Decimal Classification     General Biblioteca Karol Wojtyla Biblioteca Karol Wojtyla Sala general 03/12/2013 Compra 151000000000000000008242 1 616.89 PSI 57371 05/01/2026 07/07/2018 03/12/2013 Libro  
  Extraviado Dewey Decimal Classification       Biblioteca Karol Wojtyla Biblioteca Karol Wojtyla   03/12/2013 Compra     616.89 PSI 57367     03/12/2013 Libro  
  Extraviado Dewey Decimal Classification   Consulta en sala General Biblioteca Karol Wojtyla Biblioteca Karol Wojtyla Sala general 03/12/2013 Compra     616.89 PSI 57366     03/12/2013 Reserva permanente  
    Dewey Decimal Classification     General Biblioteca Karol Wojtyla Biblioteca Karol Wojtyla Sala general 03/12/2013 Compra 151000000000000000008240 5 616.89 PSI 57369 05/01/2026 28/01/2020 03/12/2013 Libro  
    Dewey Decimal Classification     General Biblioteca Karol Wojtyla Biblioteca Karol Wojtyla Sala general 03/12/2013 Compra 151000000000000000008241 3 616.89 PSI 57370 05/01/2026 19/11/2019 03/12/2013 Libro 2
  Extraviado Dewey Decimal Classification       Biblioteca Karol Wojtyla Biblioteca Karol Wojtyla   03/12/2013 Compra     616.89 PSI 58633     03/12/2013 Libro